| 000 | 00949cam a22002411 4500 | ||
|---|---|---|---|
| 001 | agr09000753 | ||
| 003 | DLC | ||
| 005 | 20260227110928.0 | ||
| 008 | 760628m19089999xx 000 0 fre c | ||
| 010 | _aagr09000753 | ||
| 035 | _a(OCoLC)2285725 | ||
| 040 |
_aLibrary, U. S. Dept. of Agriculture _cMNS _dMNS _dOCoLC _dDLC |
||
| 050 | 0 | 0 |
_aQK909 _b.B8 |
| 110 | 2 | _aJardin botanique de l'Etat (Belgium) | |
| 245 | 0 | 4 |
_aLes aspects de la végétation en Belgique. _cPar Charles Bommer & Jean Massart. |
| 260 |
_aBruxelles, _bJardin Botanique de l'État, _c1908- |
||
| 300 |
_av. _bplates. _c54 cm. |
||
| 500 | _aAt head of title: Ministère de l'Intérieur et de l'Agriculture, Jardin Botanique de l'État. | ||
| 505 | 0 | _a[v. 1] Les districts littoraux et alluviaux, par Jean Massart.--[v. 2] Les districts flandrien et campinien, par Jean Massart. | |
| 650 | 0 |
_aBotany _zBelgium. |
|
| 700 | 1 | _aBommer, Charles. | |
| 700 | 1 |
_aMassart, Jean, _d1865-1925. |
|
| 999 |
_c7630 _d7630 |
||